000 00692nam a2200217Ia 4500
008 191130s2007##################000#0#eng##
020 _a9780198606178
022 _a2007012080
040 _aACL
_cACL
082 _a394.120945 RIL
100 _aRiley, Gillian
245 _aThe Oxford companion to Italian food
_cGillian Riley
260 _aOxford
_bOxford University Press
_c2007
300 _axxiii, 637 p. : ill., map ; 25 cm
500 _aIncludes bibliographical references (p. [595]-601) and index
650 _aCooking, Italian - Dictionaries
650 _aFood habits - Italy - History
990 _aab8d10b1ac10000c5f1034a41895e527
991 _a343994
999 _c417229
_d417229